| 000 | 00704cam a22002413a 4500 | ||
|---|---|---|---|
| 001 | 27505 | ||
| 003 | PGUSA | ||
| 005 | 20140828083608.0 | ||
| 008 | 081212s2008||||xxu|||||s|||||000 1 eng d | ||
| 040 |
_aPGUSA _beng |
||
| 042 | _adc | ||
| 050 | 4 | _aPS | |
| 100 | 1 |
_aMcCarter, Margaret Hill, _d1860-1938 |
|
| 245 | 1 | 0 |
_aWinning the Wilderness _h[electronic resource] / _cMargaret Hill McCarter |
| 260 |
_bProject Gutenberg, _c2008 |
||
| 506 | _aPublic domain in the USA. | ||
| 516 | _aElectronic text | ||
| 653 | _aKansas -- Frontier and pioneer life -- Fiction | ||
| 700 | 1 | _aMarchand, J. N. | |
| 830 | 0 |
_aProject Gutenberg _v27505 |
|
| 856 | 4 | 0 | _uhttp://www.gutenberg.org/ebooks/27505 |
| 942 | _cEB | ||
| 999 |
_c256760 _d256760 |
||